[Referenčný rámec spotrebiteľa naprieč kultúrami]

Recenzia na vedeckú monografiu, ktorá sa orientuje na interkultúrne aspekty správania zákazníkov.

Enregistré dans:
Détails bibliographiques
Auteur principal: Štrachoň, Peter
Format: Chapitre de livre
Langue:slovaque
Sujets:
Tags: Ajouter un tag
Pas de tags, Soyez le premier à ajouter un tag!

MARC

LEADER 00000naa a2200000 4500
001 0222016
005 20160913110053.8
041 0 |a slo 
044 |a SK 
245 1 0 |a [Referenčný rámec spotrebiteľa naprieč kultúrami]  |c Peter Štrachoň 
520 |a Recenzia na vedeckú monografiu, ktorá sa orientuje na interkultúrne aspekty správania zákazníkov. 
610 2 0 |a zvyklosti kultúrne 
610 2 0 |a recenzie 
610 2 0 |a spotrebitelia 
100 1 |a Štrachoň, Peter